1431 1909 1825 1763 1795 1758 1786 1584 1528 1726 1700 1552 1652 1492 1755 1918 1621 1172 1575 1607 1039 1777 1529 1998 1350 1945 1506 1909 1411 1928 1338 1352 1672 1403 1459 1616 1374 1323 1752 1961 1043 1151 1402 1707 1460 1979 1480 1757 1855 1399 1169 1812 1406 1448 1455 1259 1313 1047 1469 1529 1389 1728 1839 1021 1644 1007 1434 1358 1955 1998 1213 1909 1667 1243 1710 1066 1279 1968 1278 1811 1408 1737 1638 1682 1900 1002 1937 1640 1867 1741 1654 1675 1601 1050 1631 1803 1680 1881 1633 BCNSPRNW ULIB Ver.6.0+V

เปลี่ยนเป็นภาษาไทย

Change to English
 แสดงรายละเอียดบรรณานุกรม
  กลับหน้าหลัก

Brief Record : Get Marc (ISO 2709) : E-mail record : QR code < ปิดหน้าต่าง
LEADER : 00000nam 2200000uu 4500
001    13399111769
003     ULIB
008    110627s2553||||th 000 0 tha d
020    9786167346038
090    นว.^bก169ร 2553
100 0  กรยมล
245 00 รักได้ไหมถ้าหัวใจยังว่าง/^cกรยมล
250    พิมพ์ครั้งที่ 1
260    กรุงเทพฯ :^bฐานบัณฑิต,^c2553
300    288 หน้า
945    ^p210^l0^i028081
995    ทศพร
999 ^a ใช้งานได้ทุกระบบ
รายการนี้ยังไม่มีแท็ก
คุณยังไม่ได้ล็อกอิน คุณสามารถมีกิจกรรมร่วมกับเว็บไซต์ได้ แต่ต้องล็อกอินก่อน ::
  ล็อกอิน

รายการสื่อสารสนเทศ

ลำดับที่ ประเภท เลขเรียก/บาร์โค้ด สถานที่ สถานะ
- ไม่พบข้อมูล -

BibComment


ยังไม่เคยถูกคอมเมนท์

คอมเมนท์ทรัพยากรรายการนี้
  คอมเมนท์: รักได้ไหมถ้าหัวใจ..


 Copyright 2026. Bcnsprnw @Library